Phân tích hoạt động kinh doanh
Cung cấp những thông tin cần thiết về hoạt động kinh doanh của các doanh nghiệp, với các trọng tâm: cơ sở lý luận về phân tích và các phương pháp sử dụng; phân tích kết quả hoạt động sản xuất kinh doanh; phân tích chi phí và giá thành; phân...
Enregistré dans:
| Auteur principal: | |
|---|---|
| Autres auteurs: | |
| Format: | Livre |
| Langue: | Undetermined |
| Publié: |
Tp.HCM
Đại học Công nghiệp Tp.HCM
2010
|
| Sujets: | |
| Accès en ligne: | http://lrc.tdmu.edu.vn/opac/search/detail.asp?aID=2&ID=14643 |
| Tags: |
Ajouter un tag
Pas de tags, Soyez le premier à ajouter un tag!
|
| Thư viện lưu trữ: | Trung tâm Học liệu Trường Đại học Thủ Dầu Một |
|---|
| LEADER | 01246nam a2200217Ia 4500 | ||
|---|---|---|---|
| 001 | TDMU_14643 | ||
| 008 | 210410s9999 xx 000 0 und d | ||
| 082 | |a 658.1 | ||
| 090 | |b PH104 | ||
| 100 | |a Phạm, Văn Dược | ||
| 245 | 0 | |a Phân tích hoạt động kinh doanh | |
| 245 | 0 | |c PGS.TS. Phạm Văn Dược, TS. Trần Phước | |
| 260 | |a Tp.HCM | ||
| 260 | |b Đại học Công nghiệp Tp.HCM | ||
| 260 | |c 2010 | ||
| 300 | |a 250tr. | ||
| 520 | |a Cung cấp những thông tin cần thiết về hoạt động kinh doanh của các doanh nghiệp, với các trọng tâm: cơ sở lý luận về phân tích và các phương pháp sử dụng; phân tích kết quả hoạt động sản xuất kinh doanh; phân tích chi phí và giá thành; phân tích tiêu thụ và lợi nhuận; phân tích báo cáo tài chính doanh nghiệp.; KT201 | ||
| 650 | |a Kinh tế doanh nghiệp; Hoạt động kinh doanh |x Phân tích; Quản trị kinh doanh | ||
| 700 | |a Trần, Phước | ||
| 856 | |u http://lrc.tdmu.edu.vn/opac/search/detail.asp?aID=2&ID=14643 | ||
| 980 | |a Trung tâm Học liệu Trường Đại học Thủ Dầu Một | ||